000 00493nam a2200157Ia 4500
008 240729s9999 xx 000 0 und d
022 _a2579-9029
245 0 _aJournal of Civil Engineering
260 _aIndonesia
260 _bPusat Publikasi Ilmiah LPPM Institut Teknologi Sepuluh Nopember
650 _a Engineering (General). Civil engineering (General)
650 _aTechnology
856 _uhttps://doaj.org/toc/ee934ee48dda4b4a8adbbb35cea211fc
942 _2ddc
942 _cDOAJEJ
999 _c68921
_d68921
945 _a1
_bMadushi Gamage
_c1
_dMadushi Gamage